MLB Ballpark Quiz - Statistics

General Stats
  • This quiz has been taken 851 times
  • The average score is 16 of 30
Answer Stats
Hint Answer % Correct
Boston Fenway Park
84%
Chicago Cubs Wrigley Field
81%
Yankees Yankee Stadium
79%
Baltimore Camden Yards
67%
Rockies Coors Field
66%
Arizona Chase Field
65%
New York Mets Citi Field
63%
Dodgers Dodger Stadium
63%
Astros Minute Maid Park
58%
Pirates PNC Park
58%
Rays Tropicana Field
58%
Padres PETCO Park
57%
Reds Great American Ball Park
55%
Cardinals Busch Stadium
54%
Twins Target Field
53%
Tigers Comerica Park
51%
Indians Progressive Field
50%
Giants AT&T Park
46%
Royals Kauffman Stadium
46%
Brewers Miller Park
46%
Mariners Safeco Field
46%
Nationals Nationals Park
42%
Blue Jays Rogers Centre
42%
Atlanta Turner Field
42%
Marlins Marlins Park
38%
Phillies Citizens Bank Park
37%
White Sox U.S. Cellular Field
34%
Los Angeles Angels Angel Stadium
32%
A's Oakland-Alameda County Coliseum
24%
Rangers Rangers Ballpark in Arlington
13%
No matching quizzes found
Score Distribution
Percent of People with Each Score
Percentile by Number Answered
Your Score History
You have not taken this quiz